| 000 | 00986cab a2200289 4500 | ||
|---|---|---|---|
| 001 | ABS59817 | ||
| 008 | 090401t1998 xxu||||| |||| 00| 0 eng d | ||
| 035 | _a(Sirsi) u90324 | ||
| 041 | _aeng | ||
| 100 | _aGarton, J. | ||
| 245 | _aTurnover rents: sales point the way to retail management | ||
| 260 | _c1998 | ||
| 350 | _a0 | ||
| 490 |
_aProperty Week _v11 December 1998, 38-39(2) |
||
| 520 | _aDiscussion on the benefits of using an electronic point of sales system, to enable landlords to introduce turnover based-rents for retail tenants. Examines potential problems, and looks at provisions to protect both parties. | ||
| 650 | _aELECTRONIC POINT OF SALE SYSTEMS | ||
| 650 | _aEPOS SYSTEMS | ||
| 650 | _aLANDLORDS | ||
| 650 | _aMARKET INTELLIGENCE | ||
| 650 | _aPROFITABILITY | ||
| 650 | _aTENANTS | ||
| 650 | _aTURNOVER RENTS | ||
| 690 | _aMANAGEMENT-BUSINESS MANAGEMENT-INFORMATION MANAGEMENT | ||
| 700 | _aGellman, L. | ||
| 942 | _n0 | ||
| 948 | _c16/12/1998 | ||
| 999 |
_c57256 _d57256 |
||